[Event "Masters Tournament (MTO)"]
[Site "Biel, CH"]
[Date "2025.07.24"]
[Round "10"]
[White "Karthik Venkataraman"]
[Black "Pranesh M"]
[Result "1/2-1/2"]
[Board "2"]
[WhiteFideId "25006479"]
[BlackFideId "35028600"]
[WhiteTitle "GM"]
[BlackTitle "GM"]
[WhiteElo "2540"]
[BlackElo "2592"]
[WhiteTeam "IND"]
[BlackTeam "IND"]
[WhiteClock "0:21:52"]
[BlackClock "0:45:56"]
[Variant "Standard"]

1. d4 {[%clk 1:40:58]}  d5 {[%clk 1:40:49]} 2. c4 {[%clk 1:41:17]}  e6 {[%clk 1:41:08]} 3. Nf3 {[%clk 1:41:40]}  Nf6 {[%clk 1:41:26]} 4. Nc3 {[%clk 1:42:04]}  c6 {[%clk 1:41:46]} 5. Bg5 {[%clk 1:42:27]}  h6 {[%clk 1:42:03]} 6. Bh4 {[%clk 1:42:46]}  dxc4 {[%clk 1:41:57]} 7. e4 {[%clk 1:43:08]}  g5 {[%clk 1:42:18]} 8. Bg3 {[%clk 1:43:32]}  b5 {[%clk 1:42:42]} 9. Be2 {[%clk 1:43:57]}  Bg7 {[%clk 1:42:41]} 10. e5 {[%clk 1:43:23]}  Nh5 {[%clk 1:42:41]} 11. a4 {[%clk 1:43:31]}  a6 {[%clk 1:41:28]} 12. Ne4 {[%clk 1:40:02]}  O-O {[%clk 1:42:18]} 13. h4 {[%clk 1:34:23]}  g4 {[%clk 1:40:44]} 14. Nh2 {[%clk 1:34:47]}  Nxg3 {[%clk 1:37:16]} 15. fxg3 {[%clk 1:35:01]}  h5 {[%clk 1:35:59]} 16. Bxg4 {[%clk 1:34:28]}  c5 {[%clk 1:35:34]} 17. Nf6+ {[%clk 1:05:48]}  Bxf6 {[%clk 1:35:03]} 18. exf6 {[%clk 1:03:58]}  Qxd4 {[%clk 1:26:26]} 19. Bxh5 {[%clk 1:02:39]}  Nc6 {[%clk 1:11:11]} 20. Qg4+ {[%clk 0:58:09]}  Qxg4 {[%clk 1:11:32]} 21. Nxg4 {[%clk 0:58:33]}  Nd4 {[%clk 1:03:42]} 22. O-O {[%clk 0:58:12]}  Nf5 {[%clk 1:03:06]} 23. Kh2 {[%clk 0:57:21]}  Bb7 {[%clk 0:57:31]} 24. Ne5 {[%clk 0:47:24]}  Rad8 {[%clk 0:56:48]} 25. axb5 {[%clk 0:44:34]}  Rd2 {[%clk 0:56:21]} 26. Bf3 {[%clk 0:42:38]}  Bxf3 {[%clk 0:56:29]} 27. Nxf3 {[%clk 0:42:58]}  Rxb2 {[%clk 0:56:53]} 28. bxa6 {[%clk 0:42:57]}  c3 {[%clk 0:40:37]} 29. Rfc1 {[%clk 0:32:31]}  c2 {[%clk 0:51:13]} 30. Ra3 {[%clk 0:29:11]}  Ra8 {[%clk 0:45:28]} 31. Rc3 {[%clk 0:29:18]}  Rxa6 {[%clk 0:45:24]} 32. R3xc2 {[%clk 0:21:36]}  Rxc2 {[%clk 0:44:10]} 33. Rxc2 {[%clk 0:22:02]}  Ne3 {[%clk 0:44:37]} 34. Rxc5 {[%clk 0:22:28]}  Ng4+ {[%clk 0:43:53]} 35. Kh3 {[%clk 0:22:07]}  Nf2+ {[%clk 0:45:28]} 36. Kh2 {[%clk 0:21:52]}  Ng4+ {[%clk 0:45:56]} 1/2-1/2

[Event "Masters Tournament (MTO)"]
[Site "Biel, CH"]
[Date "2025.07.24"]
[Round "10"]
[White "Yilmaz, Mustafa"]
[Black "Gloeckler, Christian"]
[Result "1-0"]
[Board "3"]
[WhiteFideId "6302718"]
[BlackFideId "34608966"]
[WhiteTitle "GM"]
[BlackTitle "FM"]
[WhiteElo "2586"]
[BlackElo "2439"]
[WhiteTeam "TUR"]
[BlackTeam "GER"]
[WhiteClock "0:42:13"]
[BlackClock "0:04:25"]
[Variant "Standard"]

1. d4 {[%clk 1:39:42]}  Nf6 {[%clk 1:40:53]} 2. c4 {[%clk 1:40:07]}  e6 {[%clk 1:41:18]} 3. Nf3 {[%clk 1:40:29]}  d5 {[%clk 1:41:40]} 4. Nc3 {[%clk 1:40:50]}  c5 {[%clk 1:42:02]} 5. cxd5 {[%clk 1:40:51]}  Nxd5 {[%clk 1:42:24]} 6. e4 {[%clk 1:41:17]}  Nxc3 {[%clk 1:42:43]} 7. bxc3 {[%clk 1:41:43]}  cxd4 {[%clk 1:43:04]} 8. cxd4 {[%clk 1:42:10]}  Bb4+ {[%clk 1:43:24]} 9. Bd2 {[%clk 1:42:35]}  Bxd2+ {[%clk 1:43:44]} 10. Qxd2 {[%clk 1:43:01]}  O-O {[%clk 1:44:02]} 11. Bc4 {[%clk 1:43:22]}  Nd7 {[%clk 1:44:22]} 12. O-O {[%clk 1:43:47]}  b6 {[%clk 1:44:43]} 13. Rac1 {[%clk 1:44:10]}  Bb7 {[%clk 1:35:29]} 14. d5 {[%clk 1:44:23]}  Nc5 {[%clk 1:32:19]} 15. Rfe1 {[%clk 1:43:52]}  exd5 {[%clk 1:22:10]} 16. exd5 {[%clk 1:41:47]}  Qf6 {[%clk 1:21:54]} 17. Qe3 {[%clk 1:40:37]}  Rad8 {[%clk 1:17:54]} 18. Rcd1 {[%clk 1:40:59]}  h6 {[%clk 1:15:29]} 19. a3 {[%clk 1:39:24]}  a6 {[%clk 0:56:32]} 20. Rd4 {[%clk 1:17:01]}  Qd6 {[%clk 0:51:59]} 21. h4 {[%clk 1:08:19]}  Ba8 {[%clk 0:47:20]} 22. h5 {[%clk 1:04:01]}  b5 {[%clk 0:46:40]} 23. Ba2 {[%clk 1:04:01]}  Nd7 {[%clk 0:46:19]} 24. Nh4 {[%clk 0:58:04]}  Qf6 {[%clk 0:32:47]} 25. d6 {[%clk 0:48:59]}  Kh8 {[%clk 0:16:30]} 26. Rf4 {[%clk 0:45:21]}  Qg5 {[%clk 0:15:48]} 27. Bxf7 {[%clk 0:42:46]}  Rxf7 {[%clk 0:04:01]} 28. Rxf7 {[%clk 0:41:52]}  Qxh4 {[%clk 0:04:25]} 29. Rxd7 {[%clk 0:42:13]} 1-0

[Event "Masters Tournament (MTO)"]
[Site "Biel, CH"]
[Date "2025.07.24"]
[Round "10"]
[White "Adewumi, Tanitoluwa"]
[Black "Pranav Anand"]
[Result "0-1"]
[Board "4"]
[WhiteFideId "30966396"]
[BlackFideId "46626786"]
[WhiteTitle "FM"]
[BlackTitle "GM"]
[WhiteElo "2397"]
[BlackElo "2566"]
[WhiteTeam "USA"]
[BlackTeam "IND"]
[WhiteClock "0:03:08"]
[BlackClock "0:25:11"]
[Variant "Standard"]

1. e4 {[%clk 1:40:59]}  e5 {[%clk 1:40:43]} 2. Nf3 {[%clk 1:41:22]}  Nc6 {[%clk 1:41:08]} 3. Bc4 {[%clk 1:41:49]}  Bc5 {[%clk 1:41:30]} 4. d3 {[%clk 1:42:10]}  Nf6 {[%clk 1:41:52]} 5. O-O {[%clk 1:42:32]}  d6 {[%clk 1:42:16]} 6. c3 {[%clk 1:42:59]}  a6 {[%clk 1:42:36]} 7. a4 {[%clk 1:43:11]}  Ba7 {[%clk 1:42:55]} 8. Re1 {[%clk 1:43:09]}  h6 {[%clk 1:43:18]} 9. Nbd2 {[%clk 1:43:33]}  g5 {[%clk 1:43:43]} 10. Nf1 {[%clk 1:10:20]}  g4 {[%clk 1:43:18]} 11. N3d2 {[%clk 1:10:20]}  h5 {[%clk 1:43:17]} 12. Ne3 {[%clk 1:09:34]}  Bxe3 {[%clk 1:42:39]} 13. Rxe3 {[%clk 0:59:48]}  h4 {[%clk 1:42:47]} 14. Nf1 {[%clk 0:53:51]}  Nh5 {[%clk 1:30:45]} 15. g3 {[%clk 0:52:13]}  Qf6 {[%clk 1:28:06]} 16. Re1 {[%clk 0:51:05]}  Ne7 {[%clk 1:27:14]} 17. Ne3 {[%clk 0:42:09]}  Bd7 {[%clk 1:19:29]} 18. Ng2 {[%clk 0:42:47]}  O-O-O {[%clk 1:14:47]} 19. Qd2 {[%clk 0:29:25]}  h3 {[%clk 1:04:39]} 20. Ne3 {[%clk 0:37:15]}  Qg6 {[%clk 1:04:20]} 21. b4 {[%clk 0:33:09]}  f5 {[%clk 1:03:47]} 22. exf5 {[%clk 0:32:32]}  Nxf5 {[%clk 0:56:08]} 23. Nd5 {[%clk 0:32:40]}  Be6 {[%clk 0:55:00]} 24. Qg5 {[%clk 0:22:16]}  Rhg8 {[%clk 0:43:48]} 25. Qxf5 {[%clk 0:19:41]}  Bxf5 {[%clk 0:43:58]} 26. Ne7+ {[%clk 0:20:06]}  Kd7 {[%clk 0:44:24]} 27. Nxg6 {[%clk 0:20:33]}  Rxg6 {[%clk 0:44:50]} 28. Bf7 {[%clk 0:19:45]}  Bxd3 {[%clk 0:44:31]} 29. Bxg6 {[%clk 0:17:31]}  Bxg6 {[%clk 0:43:30]} 30. f3 {[%clk 0:11:12]}  gxf3 {[%clk 0:42:39]} 31. Bg5 {[%clk 0:11:22]}  Re8 {[%clk 0:40:46]} 32. Kf2 {[%clk 0:10:53]}  e4 {[%clk 0:40:36]} 33. g4 {[%clk 0:11:18]}  Ng7 {[%clk 0:39:44]} 34. Kg3 {[%clk 0:11:34]}  Ne6 {[%clk 0:35:47]} 35. Be3 {[%clk 0:11:57]}  Rh8 {[%clk 0:35:59]} 36. c4 {[%clk 0:11:00]}  Nd8 {[%clk 0:32:23]} 37. Bd4 {[%clk 0:09:17]}  Rh7 {[%clk 0:31:32]} 38. b5 {[%clk 0:08:44]}  Nf7 {[%clk 0:19:53]} 39. a5 {[%clk 0:07:40]}  Ke6 {[%clk 0:19:46]} 40. Kf4 {[%clk 0:04:46]}  Ne5 {[%clk 0:14:52]} 41. Bxe5 {[%clk 0:04:23]}  Rf7+ {[%clk 0:11:00]} 42. Ke3 {[%clk 0:16:44]}  Kxe5 {[%clk 0:36:10]} 43. Rab1 {[%clk 0:12:21]}  f2 {[%clk 0:28:47]} 44. Rf1 {[%clk 0:12:01]}  Rf3+ {[%clk 0:29:12]} 45. Ke2 {[%clk 0:13:00]}  Bf7 {[%clk 0:29:40]} 46. Rbc1 {[%clk 0:09:32]}  Kd4 {[%clk 0:29:54]} 47. bxa6 {[%clk 0:09:05]}  bxa6 {[%clk 0:30:04]} 48. Rxf2 {[%clk 0:09:17]}  Bxc4+ {[%clk 0:30:28]} 49. Ke1 {[%clk 0:07:32]}  Ra3 {[%clk 0:30:05]} 50. Rf5 {[%clk 0:04:58]}  Ra2 {[%clk 0:29:37]} 51. Rf2 {[%clk 0:04:23]}  Rxa5 {[%clk 0:29:58]} 52. Rf5 {[%clk 0:04:50]}  Ra2 {[%clk 0:29:11]} 53. Rf2 {[%clk 0:04:58]}  Ra3 {[%clk 0:29:37]} 54. Rf8 {[%clk 0:04:05]}  Ke3 {[%clk 0:26:33]} 55. Rh8 {[%clk 0:02:42]}  Kd4 {[%clk 0:25:56]} 56. g5 {[%clk 0:02:02]}  Ra5 {[%clk 0:25:39]} 57. Rxh3 {[%clk 0:00:32]}  Rxg5 {[%clk 0:26:04]} 58. Rg3 {[%clk 0:00:31]}  Rf5 {[%clk 0:26:10]} 59. Rg1 {[%clk 0:00:39]}  Rf3 {[%clk 0:24:23]} 60. Rh1 {[%clk 0:00:45]}  Rh3 {[%clk 0:22:10]} 61. Kf2 {[%clk 0:00:53]}  e3+ {[%clk 0:22:16]} 62. Kg2 {[%clk 0:01:18]}  Rh7 {[%clk 0:22:43]} 63. Rhd1+ {[%clk 0:01:41]}  Bd3 {[%clk 0:23:09]} 64. Rc2 {[%clk 0:01:26]}  c5 {[%clk 0:23:22]} 65. Ra2 {[%clk 0:01:51]}  Ke4 {[%clk 0:22:56]} 66. Ra4+ {[%clk 0:01:36]}  c4 {[%clk 0:23:20]} 67. Rxa6 {[%clk 0:02:01]}  Rg7+ {[%clk 0:22:50]} 68. Kh1 {[%clk 0:01:37]}  e2 {[%clk 0:24:05]} 69. Rda1 {[%clk 0:01:52]}  Ke3 {[%clk 0:24:29]} 70. h4 {[%clk 0:02:12]}  Kf2 {[%clk 0:24:52]} 71. Rxd6 {[%clk 0:02:24]}  Be4+ {[%clk 0:24:19]} 72. Kh2 {[%clk 0:02:48]}  Rg2 {[%clk 0:24:45]} 73. Kh3 {[%clk 0:03:08]}  Bf5+ {[%clk 0:25:11]} 0-1

[Event "Masters Tournament (MTO)"]
[Site "Biel, CH"]
[Date "2025.07.24"]
[Round "10"]
[White "Panchanathan, Magesh Chandran"]
[Black "Poh, Yu Tian"]
[Result "0-1"]
[Board "5"]
[WhiteFideId "5007429"]
[BlackFideId "5734088"]
[WhiteTitle "GM"]
[BlackTitle "IM"]
[WhiteElo "2454"]
[BlackElo "2458"]
[WhiteTeam "IND"]
[BlackTeam "MAS"]
[WhiteClock "0:05:26"]
[BlackClock "0:01:14"]
[Variant "Standard"]

1. e4 {[%clk 1:34:47]}  c5 {[%clk 1:40:52]} 2. Nf3 {[%clk 1:34:42]}  d6 {[%clk 1:41:15]} 3. Bb5+ {[%clk 1:34:56]}  Nd7 {[%clk 1:41:30]} 4. O-O {[%clk 1:35:20]}  a6 {[%clk 1:41:44]} 5. Be2 {[%clk 1:35:45]}  Ngf6 {[%clk 1:41:52]} 6. d3 {[%clk 1:36:11]}  g6 {[%clk 1:41:11]} 7. c4 {[%clk 1:36:36]}  Bg7 {[%clk 1:37:40]} 8. Nc3 {[%clk 1:37:01]}  O-O {[%clk 1:34:40]} 9. d4 {[%clk 1:32:53]}  cxd4 {[%clk 1:32:05]} 10. Nxd4 {[%clk 1:33:16]}  Ne5 {[%clk 1:14:35]} 11. Be3 {[%clk 1:21:05]}  Bd7 {[%clk 1:17:18]} 12. f3 {[%clk 1:16:15]}  Rc8 {[%clk 1:05:32]} 13. Qb3 {[%clk 1:15:12]}  Nc6 {[%clk 0:59:24]} 14. Rfd1 {[%clk 1:00:10]}  Na5 {[%clk 0:44:43]} 15. Qb4 {[%clk 0:56:34]}  Qc7 {[%clk 0:22:18]} 16. b3 {[%clk 0:53:43]}  Nc6 {[%clk 0:15:53]} 17. Qa3 {[%clk 0:51:32]}  Nxd4 {[%clk 0:31:37]} 18. Bxd4 {[%clk 0:51:52]}  Be6 {[%clk 0:29:15]} 19. Rac1 {[%clk 0:45:53]}  Nd7 {[%clk 0:24:37]} 20. Bf2 {[%clk 0:42:28]}  Nc5 {[%clk 0:20:27]} 21. Bf1 {[%clk 0:49:40]}  a5 {[%clk 0:18:41]} 22. Rc2 {[%clk 0:40:51]}  Rfe8 {[%clk 0:14:10]} 23. Qc1 {[%clk 0:45:11]}  Qd8 {[%clk 0:13:31]} 24. Qg5 {[%clk 0:42:41]}  Bf6 {[%clk 0:09:04]} 25. Qe3 {[%clk 0:40:56]}  a4 {[%clk 0:06:31]} 26. b4 {[%clk 0:38:29]}  Na6 {[%clk 0:09:52]} 27. a3 {[%clk 0:38:52]}  Bxc4 {[%clk 0:08:16]} 28. Nxa4 {[%clk 0:39:09]}  Bxf1 {[%clk 0:08:20]} 29. Rxc8 {[%clk 0:39:09]}  Qxc8 {[%clk 0:08:46]} 30. Rxf1 {[%clk 0:39:58]}  Qc2 {[%clk 0:07:35]} 31. Nb6 {[%clk 0:39:46]}  Bb2 {[%clk 0:07:35]} 32. f4 {[%clk 0:35:49]}  Nc7 {[%clk 0:05:55]} 33. Kh1 {[%clk 0:31:43]}  Nb5 {[%clk 0:05:11]} 34. f5 {[%clk 0:27:03]}  Nc3 {[%clk 0:01:46]} 35. fxg6 {[%clk 0:09:13]}  hxg6 {[%clk 0:01:46]} 36. e5 {[%clk 0:04:29]}  dxe5 {[%clk 0:02:54]} 37. Qxe5 {[%clk 0:04:56]}  Ne4 {[%clk 0:02:30]} 38. Bd4 {[%clk 0:04:59]}  Bxd4 {[%clk 0:01:38]} 39. Qxd4 {[%clk 0:05:25]}  Qe2 {[%clk 0:01:21]} 40. Kg1 {[%clk 0:05:26]}  e5 {[%clk 0:01:14]} 0-1

[Event "Masters Tournament (MTO)"]
[Site "Biel, CH"]
[Date "2025.07.24"]
[Round "10"]
[White "Sasikiran, Krishnan"]
[Black "Lacan Rus, David"]
[Result "1/2-1/2"]
[Board "6"]
[WhiteFideId "5004985"]
[BlackFideId "651023075"]
[WhiteTitle "GM"]
[BlackTitle "FM"]
[WhiteElo "2531"]
[BlackElo "2369"]
[WhiteTeam "IND"]
[BlackTeam "FRA"]
[WhiteClock "0:03:45"]
[BlackClock "0:08:04"]
[Variant "Standard"]

1. d4 {[%clk 1:38:59]}  Nf6 {[%clk 1:40:39]} 2. c4 {[%clk 1:39:17]}  g6 {[%clk 1:40:44]} 3. g3 {[%clk 1:39:35]}  Bg7 {[%clk 1:40:48]} 4. Bg2 {[%clk 1:39:45]}  d5 {[%clk 1:40:21]} 5. cxd5 {[%clk 1:39:13]}  Nxd5 {[%clk 1:41:34]} 6. e4 {[%clk 1:39:18]}  Nb6 {[%clk 1:41:51]} 7. Ne2 {[%clk 1:38:24]}  O-O {[%clk 1:40:00]} 8. O-O {[%clk 1:38:56]}  Nc6 {[%clk 1:39:29]} 9. d5 {[%clk 1:36:15]}  Na5 {[%clk 1:33:30]} 10. Nbc3 {[%clk 1:31:05]}  c6 {[%clk 1:30:48]} 11. Re1 {[%clk 1:27:41]}  cxd5 {[%clk 1:27:56]} 12. exd5 {[%clk 1:26:46]}  Nac4 {[%clk 1:18:38]} 13. h3 {[%clk 1:08:59]}  Nd7 {[%clk 1:13:28]} 14. b3 {[%clk 1:11:25]}  Nd6 {[%clk 1:07:28]} 15. Bf4 {[%clk 1:01:35]}  Nf6 {[%clk 0:54:05]} 16. Rc1 {[%clk 0:53:00]}  Bd7 {[%clk 0:50:05]} 17. Qd2 {[%clk 0:48:17]}  Rc8 {[%clk 0:44:07]} 18. Nd4 {[%clk 0:44:20]}  Re8 {[%clk 0:40:22]} 19. Nf3 {[%clk 0:23:45]}  Rc7 {[%clk 0:31:38]} 20. Be5 {[%clk 0:17:39]}  Rc8 {[%clk 0:25:06]} 21. g4 {[%clk 0:29:39]}  Qa5 {[%clk 0:22:25]} 22. Bd4 {[%clk 0:23:33]}  h5 {[%clk 0:17:43]} 23. g5 {[%clk 0:20:58]}  Nh7 {[%clk 0:17:48]} 24. Bxg7 {[%clk 0:20:35]}  Kxg7 {[%clk 0:18:17]} 25. h4 {[%clk 0:18:30]}  Nf8 {[%clk 0:16:52]} 26. Ne5 {[%clk 0:14:01]}  Qb4 {[%clk 0:07:47]} 27. Qb2 {[%clk 0:09:43]}  Kg8 {[%clk 0:09:18]} 28. Ne4 {[%clk 0:07:09]}  Bf5 {[%clk 0:06:48]} 29. a3 {[%clk 0:05:22]}  Qb6 {[%clk 0:06:29]} 30. Ng3 {[%clk 0:04:49]}  Qb5 {[%clk 0:04:00]} 31. b4 {[%clk 0:04:20]}  Nd7 {[%clk 0:01:33]} 32. Bf1 {[%clk 0:02:16]}  Qa4 {[%clk 0:02:34]} 33. Nc4 {[%clk 0:02:14]}  Qa6 {[%clk 0:00:56]} 34. Ne5 {[%clk 0:00:45]}  Qa4 {[%clk 0:01:20]} 35. Nc4 {[%clk 0:00:46]}  Qa6 {[%clk 0:01:45]} 36. Nxd6 {[%clk 0:00:37]}  Qxd6 {[%clk 0:02:10]} 37. Rxc8 {[%clk 0:00:35]}  Rxc8 {[%clk 0:02:39]} 38. Nxf5 {[%clk 0:00:51]}  gxf5 {[%clk 0:03:00]} 39. Qe2 {[%clk 0:01:13]}  Qf4 {[%clk 0:00:56]} 40. Qxe7 {[%clk 0:00:35]}  Rc2 {[%clk 0:01:05]} 41. Qe3 {[%clk 0:00:32]}  Qxh4 {[%clk 0:30:48]} 42. g6 {[%clk 0:13:40]}  Ne5 {[%clk 0:28:45]} 43. gxf7+ {[%clk 0:12:09]}  Kxf7 {[%clk 0:28:42]} 44. Bg2 {[%clk 0:11:22]}  f4 {[%clk 0:17:44]} 45. Qd4 {[%clk 0:08:33]}  Nd3 {[%clk 0:18:52]} 46. Rf1 {[%clk 0:02:38]}  Nc1 {[%clk 0:17:45]} 47. Bf3 {[%clk 0:02:29]}  Qg5+ {[%clk 0:11:12]} 48. Kh1 {[%clk 0:02:54]}  Qh4+ {[%clk 0:11:36]} 49. Kg1 {[%clk 0:03:20]}  Qg5+ {[%clk 0:07:38]} 50. Kh1 {[%clk 0:03:45]}  Qh4+ {[%clk 0:08:04]} 1/2-1/2

[Event "Masters Tournament (MTO)"]
[Site "Biel, CH"]
[Date "2025.07.24"]
[Round "10"]
[White "Otsuka, Shou"]
[Black "Dau Khuong Duy"]
[Result "0-1"]
[Board "7"]
[WhiteFideId "7004702"]
[BlackFideId "12424722"]
[WhiteTitle "FM"]
[BlackTitle "IM"]
[WhiteElo "2362"]
[BlackElo "2456"]
[WhiteTeam "JPN"]
[BlackTeam "VIE"]
[WhiteClock "0:02:00"]
[BlackClock "0:20:46"]
[Variant "Standard"]

1. e4 {[%clk 1:40:57]}  c5 {[%clk 1:40:51]} 2. Nf3 {[%clk 1:41:23]}  Nc6 {[%clk 1:41:16]} 3. c3 {[%clk 1:39:24]}  Nf6 {[%clk 1:40:47]} 4. e5 {[%clk 1:39:45]}  Nd5 {[%clk 1:41:13]} 5. Bc4 {[%clk 1:40:10]}  Nb6 {[%clk 1:41:38]} 6. Bb3 {[%clk 1:40:36]}  d5 {[%clk 1:40:48]} 7. exd6 {[%clk 1:41:00]}  Qxd6 {[%clk 1:40:56]} 8. O-O {[%clk 1:41:23]}  c4 {[%clk 1:40:26]} 9. Bc2 {[%clk 1:41:41]}  Bg4 {[%clk 1:40:46]} 10. Re1 {[%clk 1:41:48]}  Ne5 {[%clk 1:40:13]} 11. Rxe5 {[%clk 1:41:18]}  Bxf3 {[%clk 1:40:34]} 12. Qe1 {[%clk 1:41:39]}  Bc6 {[%clk 1:41:00]} 13. Na3 {[%clk 1:32:47]}  g6 {[%clk 1:14:31]} 14. Be4 {[%clk 1:24:12]}  e6 {[%clk 1:04:29]} 15. b3 {[%clk 1:16:35]}  Bg7 {[%clk 1:05:23]} 16. Bxc6+ {[%clk 1:15:30]}  Qxc6 {[%clk 1:05:32]} 17. Re4 {[%clk 1:15:26]}  cxb3 {[%clk 1:05:51]} 18. axb3 {[%clk 1:15:40]}  Nd5 {[%clk 1:03:08]} 19. Nc4 {[%clk 1:10:10]}  O-O {[%clk 1:03:03]} 20. Ne5 {[%clk 1:06:26]}  Qc7 {[%clk 1:03:07]} 21. g3 {[%clk 0:48:14]}  b5 {[%clk 1:00:31]} 22. Bb2 {[%clk 0:44:12]}  a5 {[%clk 0:48:56]} 23. d4 {[%clk 0:39:36]}  Rfb8 {[%clk 0:35:19]} 24. Qc1 {[%clk 0:33:02]}  a4 {[%clk 0:32:00]} 25. c4 {[%clk 0:35:54]}  bxc4 {[%clk 0:39:54]} 26. bxc4 {[%clk 0:34:17]}  Nf6 {[%clk 0:37:20]} 27. Re2 {[%clk 0:33:59]}  Rb3 {[%clk 0:29:58]} 28. Ra3 {[%clk 0:27:29]}  Qb7 {[%clk 0:20:51]} 29. Rxb3 {[%clk 0:23:51]}  axb3 {[%clk 0:31:58]} 30. Qc3 {[%clk 0:15:18]}  Ne4 {[%clk 0:27:43]} 31. Qe3 {[%clk 0:16:45]}  Nd6 {[%clk 0:20:22]} 32. Qd3 {[%clk 0:07:58]}  Nf5 {[%clk 0:17:55]} 33. h4 {[%clk 0:07:41]}  Rd8 {[%clk 0:17:54]} 34. Kh2 {[%clk 0:06:52]}  h5 {[%clk 0:16:48]} 35. Re4 {[%clk 0:01:01]}  Ra8 {[%clk 0:15:49]} 36. Re2 {[%clk 0:02:57]}  Ra2 {[%clk 0:14:06]} 37. Qc3 {[%clk 0:02:54]}  Qb6 {[%clk 0:11:34]} 38. c5 {[%clk 0:00:35]}  Qb5 {[%clk 0:11:28]} 39. Re1 {[%clk 0:00:33]}  Ne7 {[%clk 0:09:35]} 40. c6 {[%clk 0:00:31]}  Bxe5 {[%clk 0:04:44]} 41. Rxe5 {[%clk 0:25:06]}  Qf1 {[%clk 0:35:58]} 42. Qd2 {[%clk 0:25:02]}  Nxc6 {[%clk 0:19:57]} 43. Re3 {[%clk 0:15:32]}  Ne7 {[%clk 0:19:35]} 44. d5 {[%clk 0:08:09]}  Nxd5 {[%clk 0:16:15]} 45. Rxb3 {[%clk 0:12:07]}  Ra8 {[%clk 0:14:31]} 46. Rf3 {[%clk 0:07:33]}  Qb1 {[%clk 0:05:33]} 47. Qd4 {[%clk 0:04:18]}  f6 {[%clk 0:09:29]} 48. Rxf6 {[%clk 0:00:59]}  Nxf6 {[%clk 0:08:58]} 49. Qxf6 {[%clk 0:01:27]}  Ra7 {[%clk 0:09:21]} 50. Qxe6+ {[%clk 0:00:40]}  Rf7 {[%clk 0:09:22]} 51. Qe8+ {[%clk 0:01:05]}  Rf8 {[%clk 0:09:49]} 52. Qe6+ {[%clk 0:01:32]}  Rf7 {[%clk 0:10:08]} 53. Qc8+ {[%clk 0:01:46]}  Rf8 {[%clk 0:10:19]} 54. Qc4+ {[%clk 0:02:07]}  Rf7 {[%clk 0:10:42]} 55. Qd4 {[%clk 0:02:30]}  Re7 {[%clk 0:09:14]} 56. Qd5+ {[%clk 0:02:30]}  Kh7 {[%clk 0:07:44]} 57. Qd8 {[%clk 0:02:19]}  Qxb2 {[%clk 0:08:09]} 58. Qxe7+ {[%clk 0:02:43]}  Kg8 {[%clk 0:08:35]} 59. Qe8+ {[%clk 0:02:42]}  Kg7 {[%clk 0:08:29]} 60. Qd7+ {[%clk 0:02:35]}  Kg8 {[%clk 0:08:19]} 61. Qd5+ {[%clk 0:03:33]}  Kg7 {[%clk 0:09:46]} 62. Kg2 {[%clk 0:03:59]}  Qa1 {[%clk 0:10:00]} 63. Qd7+ {[%clk 0:04:24]}  Kg8 {[%clk 0:09:12]} 64. Qe8+ {[%clk 0:04:19]}  Kg7 {[%clk 0:10:18]} 65. Qe7+ {[%clk 0:04:46]}  Kg8 {[%clk 0:09:47]} 66. Kf3 {[%clk 0:04:01]}  Qd1+ {[%clk 0:10:49]} 67. Qe2 {[%clk 0:03:47]}  Qd5+ {[%clk 0:11:00]} 68. Qe4 {[%clk 0:04:13]}  Qf7+ {[%clk 0:11:26]} 69. Ke3 {[%clk 0:03:56]}  Kh7 {[%clk 0:11:34]} 70. Qd4 {[%clk 0:04:42]}  Qe6+ {[%clk 0:11:53]} 71. Kd3 {[%clk 0:04:38]}  Qb3+ {[%clk 0:12:11]} 72. Ke4 {[%clk 0:04:19]}  Qe6+ {[%clk 0:11:26]} 73. Kf3 {[%clk 0:03:38]}  Qf5+ {[%clk 0:12:33]} 74. Ke3 {[%clk 0:03:46]}  Qe6+ {[%clk 0:12:49]} 75. Qe4 {[%clk 0:03:56]}  Qb6+ {[%clk 0:13:16]} 76. Kf3 {[%clk 0:04:18]}  Qf6+ {[%clk 0:13:44]} 77. Kg2 {[%clk 0:04:36]}  Qd8 {[%clk 0:13:48]} 78. Qc6 {[%clk 0:05:00]}  Qe7 {[%clk 0:14:13]} 79. Qd5 {[%clk 0:05:23]}  Kg7 {[%clk 0:14:23]} 80. Qc4 {[%clk 0:05:13]}  Qb7+ {[%clk 0:14:45]} 81. f3 {[%clk 0:04:50]}  Qb2+ {[%clk 0:15:02]} 82. Kf1 {[%clk 0:04:16]}  Qe5 {[%clk 0:15:14]} 83. Kf2 {[%clk 0:04:39]}  Qb2+ {[%clk 0:15:40]} 84. Qe2 {[%clk 0:05:04]}  Qd4+ {[%clk 0:16:06]} 85. Kg2 {[%clk 0:05:30]}  Qd7 {[%clk 0:16:31]} 86. Qe5+ {[%clk 0:05:52]}  Kh7 {[%clk 0:16:53]} 87. Qf4 {[%clk 0:06:18]}  Qe7 {[%clk 0:17:11]} 88. Qe4 {[%clk 0:06:37]}  Qd7 {[%clk 0:17:28]} 89. Kh2 {[%clk 0:04:58]}  Qd2+ {[%clk 0:17:52]} 90. Kh3 {[%clk 0:05:22]}  Qd1 {[%clk 0:17:42]} 91. g4 {[%clk 0:04:05]}  hxg4+ {[%clk 0:17:26]} 92. fxg4 {[%clk 0:04:33]}  Qf1+ {[%clk 0:17:32]} 93. Kg3 {[%clk 0:03:56]}  Qg1+ {[%clk 0:17:30]} 94. Kh3 {[%clk 0:03:19]}  Qf1+ {[%clk 0:17:53]} 95. Qg2 {[%clk 0:03:43]}  Qd3+ {[%clk 0:18:11]} 96. Kh2 {[%clk 0:04:08]}  Qd6+ {[%clk 0:18:37]} 97. Qg3 {[%clk 0:04:29]}  Qd2+ {[%clk 0:19:04]} 98. Kg1 {[%clk 0:04:48]}  Qd4+ {[%clk 0:19:19]} 99. Kg2 {[%clk 0:04:44]}  Qd2+ {[%clk 0:19:43]} 100. Kh3 {[%clk 0:05:11]}  Qe2 {[%clk 0:19:28]} 101. Qc7+ {[%clk 0:05:24]}  Kg8 {[%clk 0:19:53]} 102. Qd8+ {[%clk 0:05:44]}  Kg7 {[%clk 0:20:19]} 103. Qd4+ {[%clk 0:06:10]}  Kg8 {[%clk 0:20:37]} 104. Qd5+ {[%clk 0:02:28]}  Kg7 {[%clk 0:20:57]} 105. Qd4+ {[%clk 0:01:40]}  Kg8 {[%clk 0:20:32]} 106. g5 {[%clk 0:01:57]}  Qf3+ {[%clk 0:21:09]} 107. Kh2 {[%clk 0:02:26]}  Qe2+ {[%clk 0:21:25]} 108. Kg3 {[%clk 0:02:49]}  Qe1+ {[%clk 0:21:50]} 109. Kf3 {[%clk 0:03:10]}  Qf1+ {[%clk 0:21:49]} 110. Ke3 {[%clk 0:03:22]}  Qe1+ {[%clk 0:22:14]} 111. Kd3 {[%clk 0:03:49]}  Qe7 {[%clk 0:21:23]} 112. Qd5+ {[%clk 0:03:41]}  Kh7 {[%clk 0:21:44]} 113. Kc4 {[%clk 0:03:46]}  Qc7+ {[%clk 0:20:25]} 114. Kb5 {[%clk 0:04:04]}  Qb8+ {[%clk 0:20:48]} 115. Kc6 {[%clk 0:03:46]}  Qf4 {[%clk 0:19:50]} 116. Qd7+ {[%clk 0:03:57]}  Kg8 {[%clk 0:19:51]} 117. Qe6+ {[%clk 0:04:17]}  Kg7 {[%clk 0:19:54]} 118. Qe7+ {[%clk 0:02:23]}  Kg8 {[%clk 0:20:17]} 119. Qe6+ {[%clk 0:01:46]}  Kg7 {[%clk 0:20:39]} 120. Qh3 {[%clk 0:01:29]}  Qc4+ {[%clk 0:20:37]} 121. Kd6 {[%clk 0:01:43]}  Qd4+ {[%clk 0:20:32]} 122. Ke7 {[%clk 0:01:52]}  Qc5+ {[%clk 0:20:15]} 123. Kd8 {[%clk 0:01:50]}  Qf8+ {[%clk 0:20:24]} 124. Kd7 {[%clk 0:02:02]}  Qf5+ {[%clk 0:20:20]} 125. Qxf5 {[%clk 0:02:00]}  gxf5 {[%clk 0:20:46]} 0-1